| 000 | 00381cam a2200145ua 4500 | ||
|---|---|---|---|
| 041 |
_amal _h |
||
| 082 |
_a894.8124 _bRAM/PU |
||
| 100 | _aRaman menon, Puthezhath . | ||
| 245 |
_aPusthaka pooja / _cPuthezhath Raman meonon. _hTextual Documents |
||
| 260 |
_aThrissur : _bThe Mangalodayam Pvt Ltd , _c1954. |
||
| 300 | _a194 ; . | ||
| 504 | _a | ||
| 942 | _cBK | ||
| 999 |
_c5272 _d5272 |
||